[Event "GER-ch Rapid Women 2017"]
[Site "Erfurt"]
[Date "2017.07.29"]
[Round "3"]
[White "Fuchs, Judith"]
[Black "Muetsch, Annmarie"]
[Result "1-0"]
[WhiteElo "2285"]
[BlackElo "2049"]
[Annotator "NA"]
[PlyCount "107"]
[EventDate "2017.??.??"]
[EventType "swiss"]
[EventCountry "GER"]
[SourceTitle "playchess.com"]
[Source "ChessBase"]
[SourceQuality "1"]
[TimeControl "1200"]

1. e4 {[%emt 0:00:02]} c5 {[%emt 0:00:01]} 2. Nf3 {[%emt 0:00:01]} Nc6 {[%emt 0:00:02]} 3. Nc3 {[%emt 0:00:01]} e5 {[%emt 0:00:11]} 4. Bb5 {[%emt 0:00:11]} d6 {[%emt 0:00:04]} 5. Bxc6+ {[%emt 0:00:08]} bxc6 {[%emt 0:00:02]} 6. O-O {[%emt 0:00:02]} g6 {[%emt 0:00:09]} 7. d3 {[%emt 0:00:03]} Bg7 {[%emt 0:00:05]} 8. h3 {[%emt 0:00:15]} Ne7 {[%emt 0:00:06]} 9. Nh2 {[%emt 0:00:23]} O-O {[%emt 0:00:17]} 10. f4 {[%emt 0:00:19]} f5 {[%emt 0:02:14]} 11. Qe1 {[%emt 0:00:08]} exf4 {[%emt 0:01:10]} 12. Bxf4 {[%emt 0:00:26]} d5 {[%emt 0:01:32]} 13. e5 {[%emt 0:01:07]} Be6 {[%emt 0:00:50]} 14. Nf3 {[%emt 0:00:06]} h6 {[%emt 0:00:48]} 15. h4 {[%emt 0:00:03]} Nc8 {[%emt 0:03:22]} 16. Na4 {[%emt 0:00:25]} Qe7 {[%emt 0:01:35]} 17. Qa5 {[%emt 0:00:19]} Rb8 {[%emt 0:00:40]} 18. Qxc5 {[%emt 0:01:10]} Rb4 {[%emt 0:00:53]} 19. Qxe7 {[%emt 0:00:09]} Nxe7 {[%emt 0:00:01]} 20. Nc5 {[%emt 0:00:02]} Bc8 {[%emt 0:00:23]} 21. Bc1 {[%emt 0:00:35]} d4 {[%emt 0:00:39]} 22. a4 {[%emt 0:01:45]} Rd8 {[%emt 0:00:53]} 23. Nb3 {[%emt 0:00:52]} Rd5 {[%emt 0:00:02]} 24. Bd2 {[%emt 0:00:16]} Rb7 {[%emt 0:00:35]} 25. Nbxd4 {[%emt 0:00:45]} Rxb2 {[%emt 0:00:16]} 26. Bc3 {[%emt 0:00:09]} Rb7 {[%emt 0:00:09]} 27. Rfe1 {[%emt 0:00:15]} c5 {[%emt 0:00:11]} 28. Nb5 {[%emt 0:00:23]} Be6 {[%emt 0:00:05]} 29. Rab1 {[%emt 0:00:57]} Nc6 {[%emt 0:00:07]} 30. Na3 {[%emt 0:00:25]} Rxb1 {[%emt 0:00:05]} 31. Nxb1 {[%emt 0:00:02]} c4 {[%emt 0:00:09]} 32. d4 {[%emt 0:00:08]} f4 {[%emt 0:00:11]} 33. Nbd2 {[%emt 0:00:23]} Rd8 {[%emt 0:00:03]} 34. Rb1 {[%emt 0:00:13]} Bd5 {[%emt 0:00:08]} 35. Rb5 {[%emt 0:00:31]} Bf8 {[%emt 0:00:04]} 36. Kf2 {[%emt 0:00:13]} Be7 {[%emt 0:00:02]} 37. Rb1 {[%emt 0:01:19]} g5 {[%emt 0:00:02]} 38. hxg5 {[%emt 0:00:07]} hxg5 {[%emt 0:00:01]} 39. Nh2 {[%emt 0:00:11]} Be6 {[%emt 0:00:07]} 40. Rb7 {[%emt 0:00:44]} Kf7 {[%emt 0:00:02]} 41. g3 {[%emt 0:00:19]} Nxd4 {[%emt 0:00:03]} 42. gxf4 {[%emt 0:00:14]} gxf4 {[%emt 0:00:03]} 43. Nhf3 {[%emt 0:00:00]} Nxf3 {[%emt 0:00:13]} 44. Nxf3 {[%emt 0:00:02]} Ke8 {[%emt 0:00:07]} 45. Ke2 {[%emt 0:00:14]} Bc5 {[%emt 0:00:13]} 46. Rh7 {[%emt 0:00:17]} Bf5 {[%emt 0:00:05]} 47. Rg7 {[%emt 0:00:14]} Bxc2 {[%emt 0:00:02]} 48. Ng5 {[%emt 0:00:03]} Bd1+ {[%emt 0:00:05]} 49. Ke1 {[%emt 0:00:01]} f3 {[%emt 0:00:05]} 50. Rg8+ {[%emt 0:00:04]} Ke7 {[%emt 0:00:09]} 51. Rxd8 {[%emt 0:00:03]} f2+ {[%emt 0:00:02]} 52. Kf1 {[%emt 0:00:01]} Kxd8 {[%emt 0:00:02]} 53. Ne6+ {[%emt 0:00:01]} Ke7 {[%emt 0:00:03]} 54. Nxc5 {[%emt 0:00:02]} 1-0

[Event "GER-ch Rapid Women 2017"]
[Site "Erfurt"]
[Date "2017.07.29"]
[Round "3"]
[White "Osmanodja, Filiz"]
[Black "Rath, Alina"]
[Result "1/2-1/2"]
[WhiteElo "2273"]
[BlackElo "2035"]
[Annotator "NA"]
[PlyCount "56"]
[EventDate "2017.??.??"]
[EventType "swiss"]
[EventCountry "GER"]
[SourceTitle "playchess.com"]
[Source "ChessBase"]
[SourceQuality "1"]
[TimeControl "1200"]

1. e4 {[%emt 0:00:01]} c5 {[%emt 0:00:01]} 2. Nc3 {[%emt 0:00:02]} Nc6 {[%emt 0:00:02]} 3. Nf3 {[%emt 0:00:02]} d6 {[%emt 0:00:03]} 4. d4 {[%emt 0:00:01]} cxd4 {[%emt 0:00:01]} 5. Nxd4 {[%emt 0:00:02]} Nf6 {[%emt 0:00:02]} 6. Bg5 {[%emt 0:00:16]} e6 {[%emt 0:00:02]} 7. Qd2 {[%emt 0:00:07]} Be7 {[%emt 0:00:03]} 8. O-O-O {[%emt 0:00:41]} O-O {[%emt 0:00:04]} 9. Nb3 {[%emt 0:00:40]} a6 {[%emt 0:00:25]} 10. Bxf6 {[%emt 0:01:56]} gxf6 {[%emt 0:00:06]} 11. f4 {[%emt 0:00:10]} Kh8 {[%emt 0:00:08]} 12. g3 {[%emt 0:01:28]} Qc7 {[%emt 0:00:15]} 13. Bh3 {[%emt 0:00:18]} Rg8 {[%emt 0:00:39]} 14. f5 {[%emt 0:00:31]} b5 {[%emt 0:00:36]} 15. Ne2 {[%emt 0:00:02]} Ne5 {[%emt 0:00:43]} 16. Nf4 {[%emt 0:04:37]} Nc4 17. Qe2 {[%emt 0:00:10]} e5 {[%emt 0:02:05]} 18. Nd5 {[%emt 0:00:01]} Qd8 {[%emt 0:00:01]} 19. Qh5 {[%emt 0:00:33]} Rg7 {[%emt 0:00:04]} 20. Nd2 {[%emt 0:02:56]} Nb6 {[%emt 0:00:49]} 21. Nf1 {[%emt 0:01:28]} Nxd5 {[%emt 0:00:37]} 22. Rxd5 {[%emt 0:00:01]} Bb7 {[%emt 0:00:01]} 23. Ne3 {[%emt 0:00:00]} Rc8 {[%emt 0:01:30]} 24. Kb1 {[%emt 0:00:04]} Qc7 {[%emt 0:00:16]} 25. Qe2 {[%emt 0:00:08]} Rgg8 {[%emt 0:00:53]} 26. Rhd1 {[%emt 0:00:01]} Bf8 {[%emt 0:00:32]} 27. Bg2 {[%emt 0:00:17]} Be7 {[%emt 0:00:28]} 28. R5d3 {[%emt 0:00:08]} Qc5 {[%emt 0:00:49]} 1/2-1/2

[Event "GER-ch Rapid Women 2017"]
[Site "Erfurt"]
[Date "2017.07.29"]
[Round "3"]
[White "Rogozenco, Teodora"]
[Black "Mader, Manuela"]
[Result "0-1"]
[WhiteElo "2169"]
[BlackElo "2203"]
[Annotator "NA"]
[PlyCount "68"]
[EventDate "2017.??.??"]
[EventType "swiss"]
[EventCountry "GER"]
[SourceTitle "playchess.com"]
[Source "ChessBase"]
[SourceQuality "1"]
[TimeControl "1200"]

1. d4 {[%emt 0:00:01]} Nf6 {[%emt 0:00:05]} 2. c4 {[%emt 0:00:01]} g6 {[%emt 0:00:01]} 3. Nc3 {[%emt 0:00:04]} Bg7 {[%emt 0:00:01]} 4. g3 {[%emt 0:00:03]} O-O {[%emt 0:00:02]} 5. Bg2 {[%emt 0:00:01]} d6 {[%emt 0:00:00]} 6. Nf3 {[%emt 0:00:01]} a6 {[%emt 0:00:01]} 7. O-O {[%emt 0:00:03]} Nc6 {[%emt 0:00:01]} 8. Qd3 {[%emt 0:00:03]} Bd7 {[%emt 0:01:23]} 9. d5 {[%emt 0:00:36]} Nb4 {[%emt 0:00:06]} 10. Qd1 {[%emt 0:00:14]} a5 {[%emt 0:00:01]} 11. a3 {[%emt 0:00:13]} Na6 {[%emt 0:00:01]} 12. Nd4 {[%emt 0:01:08]} Nc5 {[%emt 0:00:44]} 13. b3 {[%emt 0:00:01]} Qc8 {[%emt 0:03:43]} 14. Re1 {[%emt 0:02:03]} Bh3 {[%emt 0:03:06]} 15. Bh1 {[%emt 0:00:01]} Nfd7 {[%emt 0:00:46]} 16. Rb1 {[%emt 0:00:17]} Nb6 {[%emt 0:00:09]} 17. e4 {[%emt 0:01:51]} a4 {[%emt 0:00:12]} 18. b4 {[%emt 0:00:36]} Ncd7 {[%emt 0:00:36]} 19. Bg5 {[%emt 0:01:51]} Re8 {[%emt 0:00:51]} 20. Ncb5 {[%emt 0:00:33]} c6 {[%emt 0:02:21]} 21. c5 {[%emt 0:01:19]} cxb5 {[%emt 0:00:21]} 22. cxb6 {[%emt 0:00:02]} Nxb6 {[%emt 0:00:31]} 23. Rc1 {[%emt 0:00:16]} Qd7 {[%emt 0:00:01]} 24. Qd3 {[%emt 0:00:25]} h6 {[%emt 0:01:50]} 25. Bf4 {[%emt 0:01:20]} Nc4 {[%emt 0:00:03]} 26. Nxb5 {[%emt 0:00:16]} Qxb5 {[%emt 0:00:01]} 27. Rxc4 {[%emt 0:00:32]} Rac8 {[%emt 0:01:05]} 28. Rxc8 {[%emt 0:03:25]} Qxd3 {[%emt 0:00:01]} 29. Rxe8+ {[%emt 0:00:01]} Kh7 {[%emt 0:00:01]} 30. Rxe7 Bc3 {[%emt 0:00:21]} 31. Rc1 {[%emt 0:00:14]} Bb2 {[%emt 0:00:10]} 32. Re1 {[%emt 0:01:01]} Qc3 {[%emt 0:00:19]} 33. Re2 {[%emt 0:00:26]} Bxa3 {[%emt 0:00:09]} 34. Bg2 {[%emt 0:00:06]} Qa1+ {[%emt 0:00:05]} 0-1

[Event "GER-ch Rapid Women 2017"]
[Site "Erfurt"]
[Date "2017.07.29"]
[Round "3"]
[White "Hess, Olena"]
[Black "Zimmer, Elke"]
[Result "1-0"]
[WhiteElo "2094"]
[BlackElo "1950"]
[Annotator "NA"]
[PlyCount "87"]
[EventDate "2017.??.??"]
[EventType "swiss"]
[EventCountry "GER"]
[SourceTitle "playchess.com"]
[Source "ChessBase"]
[SourceQuality "1"]
[TimeControl "1200"]

1. Nf3 {[%emt 0:00:01]} Nf6 {[%emt 0:00:02]} 2. c4 {[%emt 0:00:05]} g6 {[%emt 0:00:03]} 3. Nc3 {[%emt 0:00:05]} Bg7 {[%emt 0:00:02]} 4. e4 {[%emt 0:00:06]} d6 {[%emt 0:00:01]} 5. d4 {[%emt 0:00:04]} O-O {[%emt 0:00:17]} 6. Be2 {[%emt 0:00:03]} c5 {[%emt 0:00:23]} 7. O-O {[%emt 0:00:11]} Nc6 {[%emt 0:00:31]} 8. d5 {[%emt 0:00:18]} Nb8 {[%emt 0:01:06]} 9. Re1 {[%emt 0:00:28]} e6 {[%emt 0:00:54]} 10. Bf1 {[%emt 0:00:19]} e5 {[%emt 0:00:02]} 11. Rb1 {[%emt 0:01:03]} a6 {[%emt 0:00:26]} 12. a3 {[%emt 0:00:12]} Bg4 {[%emt 0:00:23]} 13. h3 {[%emt 0:00:31]} Bd7 {[%emt 0:00:01]} 14. b4 {[%emt 0:00:38]} b6 {[%emt 0:00:01]} 15. bxc5 {[%emt 0:00:55]} bxc5 {[%emt 0:00:02]} 16. Na4 {[%emt 0:02:33]} Bxa4 {[%emt 0:00:05]} 17. Qxa4 {[%emt 0:00:01]} Nbd7 {[%emt 0:00:23]} 18. Bd2 {[%emt 0:00:37]} Re8 {[%emt 0:00:59]} 19. Ba5 {[%emt 0:00:19]} Qc8 {[%emt 0:00:12]} 20. Qc6 {[%emt 0:01:22]} Bf8 {[%emt 0:00:32]} 21. Bd3 {[%emt 0:01:44]} Nh5 {[%emt 0:01:40]} 22. Rb7 {[%emt 0:00:50]} Qxc6 {[%emt 0:01:39]} 23. dxc6 {[%emt 0:00:02]} Nb8 {[%emt 0:00:01]} 24. c7 {[%emt 0:00:22]} Nc6 {[%emt 0:00:01]} 25. Bb6 {[%emt 0:01:08]} a5 {[%emt 0:00:50]} 26. g3 {[%emt 0:00:39]} Ng7 {[%emt 0:00:06]} 27. Ng5 {[%emt 0:00:37]} Rec8 {[%emt 0:00:01]} 28. Be2 {[%emt 0:00:14]} h6 {[%emt 0:00:02]} 29. Nf3 {[%emt 0:00:01]} Ne6 {[%emt 0:00:06]} 30. Rb1 {[%emt 0:00:16]} a4 {[%emt 0:00:34]} 31. Bd1 {[%emt 0:00:13]} Kg7 {[%emt 0:00:18]} 32. Ne1 {[%emt 0:00:04]} Ned4 {[%emt 0:00:52]} 33. Ng2 {[%emt 0:00:03]} g5 {[%emt 0:00:02]} 34. Ne3 {[%emt 0:00:01]} Ne6 {[%emt 0:01:45]} 35. Nd5 {[%emt 0:00:02]} h5 {[%emt 0:00:31]} 36. Bxh5 {[%emt 0:00:13]} Be7 {[%emt 0:00:52]} 37. Bd1 {[%emt 0:00:04]} Bf6 {[%emt 0:00:08]} 38. Nc3 {[%emt 0:00:02]} Ned4 {[%emt 0:00:12]} 39. Kf1 {[%emt 0:00:18]} Ra6 {[%emt 0:00:42]} 40. Bxa4 {[%emt 0:00:07]} Rxb6 {[%emt 0:00:21]} 41. R1xb6 {[%emt 0:00:04]} Ne7 {[%emt 0:00:01]} 42. Bd7 Ra8 43. a4 {[%emt 0:00:18]} Ne6 {[%emt 0:00:04]} 44. Rb8 {[%emt 0:00:07]} 1-0

[Event "GER-ch Rapid Women 2017"]
[Site "Erfurt"]
[Date "2017.07.29"]
[Round "3"]
[White "Birkholz, Olga"]
[Black "Yueksel, Anja"]
[Result "1-0"]
[WhiteElo "2076"]
[BlackElo "1472"]
[Annotator "NA"]
[PlyCount "63"]
[EventDate "2017.??.??"]
[EventType "swiss"]
[EventCountry "GER"]
[SourceTitle "playchess.com"]
[Source "ChessBase"]
[SourceQuality "1"]
[TimeControl "1200"]

1. d4 {[%emt 0:00:02]} Nf6 {[%emt 0:00:01]} 2. Nf3 {[%emt 0:00:02]} g6 {[%emt 0:00:02]} 3. Nc3 {[%emt 0:00:05]} d5 {[%emt 0:00:03]} 4. Bf4 {[%emt 0:00:05]} c6 {[%emt 0:00:07]} 5. h3 {[%emt 0:00:02]} Bg7 {[%emt 0:00:01]} 6. Qd2 {[%emt 0:00:31]} O-O {[%emt 0:00:04]} 7. O-O-O {[%emt 0:00:26]} Nbd7 {[%emt 0:01:09]} 8. g4 {[%emt 0:00:19]} Ne4 {[%emt 0:00:10]} 9. Nxe4 {[%emt 0:00:11]} dxe4 {[%emt 0:00:02]} 10. Ng5 f5 {[%emt 0:00:47]} 11. Ne6 {[%emt 0:00:10]} Qb6 {[%emt 0:00:37]} 12. Nxf8 {[%emt 0:00:12]} Kxf8 {[%emt 0:00:02]} 13. gxf5 {[%emt 0:00:31]} gxf5 {[%emt 0:00:07]} 14. Rg1 {[%emt 0:00:11]} Bf6 {[%emt 0:00:15]} 15. Bh6+ {[%emt 0:00:38]} Kf7 {[%emt 0:00:06]} 16. e3 {[%emt 0:00:10]} c5 {[%emt 0:00:43]} 17. Bc4+ {[%emt 0:00:23]} e6 {[%emt 0:00:12]} 18. c3 {[%emt 0:00:27]} a6 {[%emt 0:00:22]} 19. Qe2 {[%emt 0:00:30]} Qc7 {[%emt 0:00:20]} 20. Qh5+ {[%emt 0:00:20]} Ke7 {[%emt 0:00:09]} 21. Bg5 {[%emt 0:00:34]} b5 {[%emt 0:00:26]} 22. Qxh7+ {[%emt 0:00:56]} Kd6 {[%emt 0:00:02]} 23. dxc5+ {[%emt 0:00:39]} Kxc5 {[%emt 0:00:03]} 24. Bxe6 {[%emt 0:00:23]} Ra7 {[%emt 0:01:01]} 25. Bxd7 {[%emt 0:00:29]} Bxg5 {[%emt 0:01:01]} 26. Rxg5 {[%emt 0:01:35]} Qh2 {[%emt 0:01:07]} 27. Qxf5+ {[%emt 0:00:10]} Kb6 {[%emt 0:00:44]} 28. Bxc8 {[%emt 0:00:10]} Rc7 {[%emt 0:00:13]} 29. Rg6+ {[%emt 0:00:18]} Ka7 {[%emt 0:00:16]} 30. Rxa6+ {[%emt 0:00:16]} Kb8 {[%emt 0:00:08]} 31. Qxb5+ {[%emt 0:00:13]} Rb7 {[%emt 0:00:05]} 32. Qxb7# {[%emt 0:00:07]} 1-0

[Event "GER-ch Rapid Women 2017"]
[Site "Erfurt"]
[Date "2017.07.29"]
[Round "3"]
[White "Ries, Jutta"]
[Black "Perez Celis, Alba"]
[Result "1-0"]
[WhiteElo "2051"]
[BlackElo "1790"]
[Annotator "NA"]
[PlyCount "74"]
[EventDate "2017.??.??"]
[EventType "swiss"]
[EventCountry "GER"]
[SourceTitle "playchess.com"]
[Source "ChessBase"]
[SourceQuality "1"]
[TimeControl "1200"]

1. f4 {[%emt 0:00:02]} f5 {[%emt 0:00:07]} 2. Nf3 {[%emt 0:00:02]} Nf6 {[%emt 0:00:01]} 3. b3 {[%emt 0:00:02]} g6 {[%emt 0:00:09]} 4. Bb2 {[%emt 0:00:01]} Bg7 {[%emt 0:00:05]} 5. e3 {[%emt 0:00:03]} d5 {[%emt 0:00:40]} 6. Nc3 {[%emt 0:00:23]} O-O {[%emt 0:00:32]} 7. Be2 {[%emt 0:00:19]} c5 {[%emt 0:00:05]} 8. Ne5 {[%emt 0:01:41]} e6 {[%emt 0:01:03]} 9. Bf3 {[%emt 0:00:21]} Nc6 {[%emt 0:01:21]} 10. Nxc6 {[%emt 0:00:10]} bxc6 {[%emt 0:00:02]} 11. O-O {[%emt 0:00:33]} Ba6 {[%emt 0:00:17]} 12. Be2 {[%emt 0:00:11]} Bxe2 {[%emt 0:01:42]} 13. Qxe2 {[%emt 0:00:02]} Ne4 {[%emt 0:00:10]} 14. Na4 {[%emt 0:01:13]} Bxb2 {[%emt 0:01:16]} 15. Nxb2 {[%emt 0:00:02]} Qa5 {[%emt 0:01:43]} 16. d3 {[%emt 0:04:34]} Nd6 {[%emt 0:02:12]} 17. Qe1 {[%emt 0:01:16]} Qb4 {[%emt 0:00:52]} 18. a3 {[%emt 0:00:29]} Qb5 {[%emt 0:01:06]} 19. Qc3 {[%emt 0:02:27]} Rab8 {[%emt 0:00:53]} 20. Qe5 {[%emt 0:00:22]} Nf7 {[%emt 0:00:18]} 21. Qf6 {[%emt 0:01:28]} c4 {[%emt 0:01:17]} 22. dxc4 {[%emt 0:00:16]} Qb6 {[%emt 0:00:47]} 23. Rfe1 {[%emt 0:00:12]} Rfe8 {[%emt 0:00:29]} 24. Na4 {[%emt 0:00:08]} Qa5 {[%emt 0:00:15]} 25. cxd5 {[%emt 0:00:21]} cxd5 {[%emt 0:00:09]} 26. Qd4 {[%emt 0:00:19]} Nd6 {[%emt 0:00:05]} 27. Nb2 {[%emt 0:00:33]} Ne4 {[%emt 0:00:02]} 28. b4 {[%emt 0:00:09]} Qc7 {[%emt 0:00:03]} 29. Qd3 {[%emt 0:00:07]} Rec8 {[%emt 0:00:02]} 30. Rac1 {[%emt 0:00:05]} Nc3 {[%emt 0:00:05]} 31. Nd1 {[%emt 0:00:11]} Ne4 {[%emt 0:00:09]} 32. Nf2 {[%emt 0:00:06]} Nc3 {[%emt 0:00:03]} 33. Nh3 {[%emt 0:00:08]} a5 {[%emt 0:00:04]} 34. Ng5 {[%emt 0:00:04]} Qd6 {[%emt 0:00:11]} 35. bxa5 {[%emt 0:00:03]} Rc6 {[%emt 0:00:07]} 36. Qd4 {[%emt 0:00:06]} Qxa3 {[%emt 0:00:11]} 37. Qa7 {[%emt 0:00:01]} Qf8 1-0

[Event "GER-ch Rapid Women 2017"]
[Site "Erfurt"]
[Date "2017.07.29"]
[Round "3"]
[White "Zahn, Alina"]
[Black "Mader, Lena"]
[Result "1-0"]
[WhiteElo "2025"]
[BlackElo "1880"]
[Annotator "NA"]
[PlyCount "93"]
[EventDate "2017.??.??"]
[EventType "swiss"]
[EventCountry "GER"]
[SourceTitle "playchess.com"]
[Source "ChessBase"]
[SourceQuality "1"]
[TimeControl "1200"]

1. e4 {[%emt 0:00:02]} c5 {[%emt 0:00:01]} 2. Nf3 {[%emt 0:00:01]} e6 {[%emt 0:00:01]} 3. d4 {[%emt 0:00:01]} cxd4 {[%emt 0:00:01]} 4. Nxd4 {[%emt 0:00:01]} Nc6 {[%emt 0:00:01]} 5. Nc3 {[%emt 0:00:35]} a6 {[%emt 0:00:01]} 6. Nb3 {[%emt 0:00:50]} Qc7 {[%emt 0:00:10]} 7. Be2 {[%emt 0:00:07]} Nf6 {[%emt 0:00:10]} 8. O-O {[%emt 0:00:08]} Be7 {[%emt 0:00:07]} 9. Be3 {[%emt 0:00:03]} O-O {[%emt 0:00:17]} 10. Qd2 {[%emt 0:00:01]} b5 {[%emt 0:00:21]} 11. a3 {[%emt 0:00:14]} Bb7 {[%emt 0:00:27]} 12. Rad1 {[%emt 0:00:22]} d6 {[%emt 0:00:54]} 13. Bf4 {[%emt 0:01:02]} Ne5 {[%emt 0:01:21]} 14. f3 {[%emt 0:00:39]} Rfd8 {[%emt 0:00:21]} 15. Qe1 {[%emt 0:00:57]} Ng6 {[%emt 0:00:35]} 16. Be3 {[%emt 0:00:14]} d5 {[%emt 0:01:36]} 17. Qf2 {[%emt 0:00:28]} Bd6 {[%emt 0:00:53]} 18. f4 {[%emt 0:00:53]} dxe4 {[%emt 0:02:01]} 19. Bb6 {[%emt 0:01:34]} Qc6 {[%emt 0:00:29]} 20. Bxd8 {[%emt 0:01:17]} Rxd8 {[%emt 0:00:38]} 21. Nd4 {[%emt 0:00:08]} Qb6 {[%emt 0:01:20]} 22. Nb3 {[%emt 0:02:07]} e3 {[%emt 0:02:01]} 23. Qg3 {[%emt 0:03:49]} Ne4 {[%emt 0:00:10]} 24. Nxe4 {[%emt 0:00:36]} Bxe4 {[%emt 0:00:01]} 25. Nd4 {[%emt 0:00:16]} Bc5 {[%emt 0:01:45]} 26. c3 {[%emt 0:00:14]} Bxd4 {[%emt 0:01:19]} 27. cxd4 {[%emt 0:00:01]} Bc2 {[%emt 0:00:31]} 28. Rc1 {[%emt 0:00:15]} Bf5 {[%emt 0:00:17]} 29. Qxe3 {[%emt 0:00:12]} h6 {[%emt 0:00:04]} 30. Rcd1 {[%emt 0:00:12]} Ne7 {[%emt 0:00:05]} 31. Qf2 {[%emt 0:00:20]} Nd5 {[%emt 0:00:07]} 32. Rc1 {[%emt 0:00:06]} Qb7 {[%emt 0:00:26]} 33. Bf3 {[%emt 0:00:05]} Bd3 {[%emt 0:00:06]} 34. Rfd1 {[%emt 0:00:05]} Bc4 {[%emt 0:00:03]} 35. Be4 {[%emt 0:00:06]} Qe7 {[%emt 0:00:09]} 36. Qf3 {[%emt 0:00:07]} Qf6 {[%emt 0:00:04]} 37. f5 {[%emt 0:00:14]} Ne7 {[%emt 0:00:07]} 38. fxe6 {[%emt 0:00:02]} Qxf3 {[%emt 0:00:01]} 39. Bxf3 {[%emt 0:00:01]} fxe6 {[%emt 0:00:03]} 40. Rc3 {[%emt 0:00:08]} Nd5 {[%emt 0:00:02]} 41. Bxd5 {[%emt 0:00:03]} Rxd5 {[%emt 0:00:01]} 42. b3 {[%emt 0:00:01]} Be2 {[%emt 0:00:03]} 43. Rd2 {[%emt 0:00:02]} Bg4 {[%emt 0:00:01]} 44. Rc8+ {[%emt 0:00:02]} Kh7 {[%emt 0:00:02]} 45. Kf2 {[%emt 0:00:02]} Bf5 {[%emt 0:00:01]} 46. Ke3 {[%emt 0:00:02]} Be4 {[%emt 0:00:01]} 47. Kxe4 {[%emt 0:00:02]} 1-0

[Event "GER-ch Rapid Women 2017"]
[Site "Erfurt"]
[Date "2017.07.29"]
[Round "3"]
[White "Kinzel, Tiffany"]
[Black "Zschischang, Marine"]
[Result "1-0"]
[WhiteElo "1755"]
[BlackElo "2057"]
[Annotator "NA"]
[PlyCount "78"]
[EventDate "2017.??.??"]
[EventType "swiss"]
[EventCountry "GER"]
[SourceTitle "playchess.com"]
[Source "ChessBase"]
[SourceQuality "1"]
[TimeControl "1200"]

1. d4 {[%emt 0:00:01]} e6 {[%emt 0:00:01]} 2. e3 {[%emt 0:00:02]} d5 {[%emt 0:00:09]} 3. Bd3 {[%emt 0:00:03]} c5 {[%emt 0:00:13]} 4. c3 {[%emt 0:00:03]} Nc6 {[%emt 0:00:09]} 5. f4 {[%emt 0:00:09]} Nf6 {[%emt 0:02:16]} 6. Nf3 {[%emt 0:00:24]} Ne4 {[%emt 0:00:12]} 7. O-O {[%emt 0:00:29]} f5 {[%emt 0:01:07]} 8. Ne5 {[%emt 0:00:27]} g6 {[%emt 0:00:51]} 9. Nd2 {[%emt 0:00:38]} Qb6 {[%emt 0:00:32]} 10. Kh1 {[%emt 0:00:22]} Nxe5 {[%emt 0:01:09]} 11. fxe5 {[%emt 0:00:09]} Bd7 {[%emt 0:00:36]} 12. a4 {[%emt 0:00:52]} h5 {[%emt 0:00:56]} 13. Rb1 {[%emt 0:04:06]} Be7 {[%emt 0:01:31]} 14. Be2 {[%emt 0:01:04]} Rc8 {[%emt 0:01:15]} 15. Nxe4 {[%emt 0:01:42]} dxe4 {[%emt 0:00:31]} 16. c4 {[%emt 0:01:15]} Qc7 {[%emt 0:02:27]} 17. b3 {[%emt 0:00:12]} Bg5 {[%emt 0:00:15]} 18. g3 {[%emt 0:01:49]} Rd8 {[%emt 0:00:59]} 19. Qc2 {[%emt 0:01:44]} Rh7 {[%emt 0:00:39]} 20. Rd1 {[%emt 0:00:11]} Bc8 {[%emt 0:00:20]} 21. Qc3 {[%emt 0:00:21]} Rhd7 {[%emt 0:00:28]} 22. Ba3 {[%emt 0:00:15]} b6 {[%emt 0:00:38]} 23. b4 {[%emt 0:00:30]} cxd4 {[%emt 0:00:34]} 24. exd4 {[%emt 0:00:02]} Bb7 {[%emt 0:00:02]} 25. c5 {[%emt 0:00:35]} e3+ {[%emt 0:00:10]} 26. Kg1 {[%emt 0:00:04]} a6 {[%emt 0:00:23]} 27. b5 {[%emt 0:00:13]} bxc5 {[%emt 0:00:22]} 28. dxc5 {[%emt 0:00:08]} Rd2 {[%emt 0:00:14]} 29. Re1 {[%emt 0:00:55]} R8d5 {[%emt 0:00:22]} 30. c6 {[%emt 0:00:06]} Ba8 {[%emt 0:00:10]} 31. b6 {[%emt 0:00:07]} Qxc6 {[%emt 0:00:13]} 32. Qxc6+ {[%emt 0:00:07]} Bxc6 {[%emt 0:00:01]} 33. b7 {[%emt 0:00:02]} Bxb7 {[%emt 0:00:01]} 34. Rxb7 {[%emt 0:00:01]} Rxe5 {[%emt 0:00:02]} 35. Bxa6 {[%emt 0:00:13]} Red5 {[%emt 0:00:05]} 36. Bb5+ {[%emt 0:00:03]} Kd8 {[%emt 0:00:05]} 37. Bb4 {[%emt 0:00:13]} Rd1 {[%emt 0:00:01]} 38. Rb8+ {[%emt 0:00:07]} Kc7 {[%emt 0:00:00]} 39. Ba5+ {[%emt 0:00:04]} Kxb8 1-0